00630nam a2200205Ia 4500003000400000008004100004020002300045040000800068100001700076245006300093260002900156300001300185365001200198901002100210902003100231903004000262942001200302952009300314999001700407LDD181029s9999 xx 000 0 und d a3540304495cE49.95 cLDD aKau, Weidong 0aEnabling Technologies for Wireless E-BusinesscWeidong Kau aNew YorkbSpringerc2006 ax, 379p. bE 49.95 a3713b17-01-2007 a8604b24-01-2007cFdOPe4 aDiscount-10bReqst by : Manohar Lal 2ddccBK 00102ddc4070977569aLDDbLDDl0p060900r2018-11-01v2871.62w2018-11-01yBKzIssued c77570d77570